000
00303nam a2200133Ia 4500
005
20251222155104.0
008
251222s9999||||xx |||||||||||||| ||spa||
082
_a
EDUM.53
100
_a
SUZANNE KERVVAC.
245
0
_a
El pensamiento enfermero
250
_a
1ra. ed.
264
_b
MASSAN
942
_c
LIB
999
_c
37789
_d
37789